000 01103nam a2200301 i 4500
001 37325
003 ES-MaACL
005 20250824204720.0
007 t|
008 030220s1977 sp |||| | spa d
080 _a821.134.2-23"19"
100 1 _aBuero Vallejo, Antonio,
_d1916-2000
_932421
245 1 0 _aAños difíciles
_b: tres testimonios del teatro español contemporáneo /
_cAntonio Buero Vallejo ; prólogo de Richard Salvat.
250 _a1ª ed.
260 _a[Barcelona] :
_bBruguera,
_c1977.
300 _a283 p. ;
_c18 cm.
490 1 _aLibro amigo ;
_v492
505 8 _aContiene: ;
_tMadrugada /
_rA. Buero Vallejo. --
_tLa pechuga de la sardina /
_rLauro Olmo. --
_tLos buenos días perdidos /
_rAntonio Gala
700 1 _aOlmo, Lauro,
_d1922-1994
_986974
700 1 _aGala, Antonio,
_d1936-2023
_9226511
700 1 _aSalvat, Richard.
_9102119
740 0 2 _aMadrugada.
740 3 2 _aLa pechuga de la sardina.
740 4 2 _aLos buenos días perdidos.
830 0 0 _aLibro amigo (Bruguera)
_v492
_9220624
852 _aES-MaACL
_jL-5534
999 _c37325
_d37325